00269nam a2200097Ia 4500008004000000082001300040100002700053245003000080260004700110300001400157210210b1986 xxu||||| |||| 00| 0 eng d a021 RAJR aRAJAGOPALAN (T S), Ed. aRanganathan's philosophy. aNDbVikas Publishing House Pvt. Ltd.c1986 axxxvi,690